Mort subite - Chansons de Måneskin - Statistiques

Statistiques générales
  • Ce quiz a été pris 634 fois
  • Le résultat moyen est 11 sur 16
Answers on the Grid
Answers color-coded by a green-red scale on the quiz's grid according to % correct below.
MAMMAMIA
ABBA
THE LONELIEST
LA SOLITUDINE
BABY SAID
SUPERMODEL
MODEL
GOSSIP
HONEY (ARE U COMING ?)
LOVER
I'M YOURS
VALENTINE
The other dimension
CORALINE
Chosen
Beggin'
HOME
BLA BLA BLA
L'altra dimensione
I WANNA BE YOUR SLAVE
Torna a casa
ZITTI E BUONI
REDEMPTION
Morirò da Re
 
Statistiques - réponses
Réponse % Correct
THE LONELIEST
87%
Beggin'
81%
MAMMAMIA
81%
I WANNA BE YOUR SLAVE
80%
ZITTI E BUONI
80%
SUPERMODEL
77%
BABY SAID
74%
HONEY (ARE U COMING ?)
74%
GOSSIP
72%
VALENTINE
72%
CORALINE
68%
Torna a casa
57%
L'altra dimensione
56%
BLA BLA BLA
53%
Morirò da Re
50%
Chosen
47%
Aucun quiz correspondant
Distribution des résultats
% des personnes avec chaque résultat
Percentile par nombre de réponses
Votre historique - résultats
Vous n’avez pas pris ce quiz